Algunos problemas importantes en el estudio de las interacciones planta-herbívoro en los bosques tropicales (Registro nro. 10174)

Detalles MARC
000 -CABECERA
Campo de control 005180000a22001570004500
090 ## - CLASIFICACIÓN LOCAL
Colección AR
Consecutivo 01087
041 0# - IDIOMA
Código de idioma para texto/pista de sonido o título separado
100 1# - ASIENTO PRINCIPAL--NOMBRE PERSONAL
Nombre personal Dirzo, Rodolfo
245 10 - MENCION DE TITULO
Título Algunos problemas importantes en el estudio de las interacciones planta-herbívoro en los bosques tropicales
650 14 - ASIENTO SECUNDARIO DE MATERIA - TERMINO TEMATICO
Término temático o nombre geográfico como elemento de entrada Relación planta-animal
650 14 - ASIENTO SECUNDARIO DE MATERIA - TERMINO TEMATICO
Término temático o nombre geográfico como elemento de entrada Herbivoría
650 14 - ASIENTO SECUNDARIO DE MATERIA - TERMINO TEMATICO
Término temático o nombre geográfico como elemento de entrada Evolución
700 1# - ASIENTO SECUNDARIO - NOMBRE PERSONAL
Nombre personal Chapin, F. Stuart
773 1# - Item fuente:
Título Revista de Biología Tropical
Especificación de materiales 129
Paginas del Articulo 207-211
Lugar, editorial y fecha de publicación 1988?
942 ## - ELEMENTOS ADICIONALES (KOHA)
Tipo de ítem Artículo
Existencias
Withdrawn status Lost status Damaged status No para préstamo Colección Ubicación Permanente Ubicación actual Fecha de adquisición Fuente de Valor Datos de publicación Seriada Total Checkouts Número topográfico Inventario / Código de Barras Date last seen Ejemplar Price effective from Forma de adquisición Tipo de material
      No para Préstamo Hemeroteca Bogotá Bogotá 27/02/2015 Muñoz Saba, Yaneth Fuera de circulación   AR 01087 011406 25/03/2015 1 25/03/2015   Artículo